000
00211nam a2200085Ia 4500
008
120527s9999 xx 000 0 und d
100
_a
Pitchmarson, C.E
245
_a
Mathematics for the general reader
942
_c
BK
999
_c
27818
_d
27818